Eastern Utah Libraries Catalog: Duchesne, Heber, Roosevelt, & Vernal

War horse (Record no. 83453)

MARC details
000 -LEADER
fixed length control field 03367cgm a2200673Ia 4500
001 - CONTROL NUMBER
control field ocn780717272
003 - CONTROL NUMBER IDENTIFIER
control field OCoLC
005 - DATE AND TIME OF LATEST TRANSACTION
control field 20241220132148.0
008 - FIXED-LENGTH DATA ELEMENTS--GENERAL INFORMATION
fixed length control field 120320s2012 xxu146 vleng d
007 - PHYSICAL DESCRIPTION FIXED FIELD--GENERAL INFORMATION
fixed length control field vd cvaizq
040 ## - CATALOGING SOURCE
Original cataloging agency TEFMT
Transcribing agency TEFMT
Modifying agency TEF
-- BDX
-- LPU
-- ZPP
-- UINTA
019 ## -
-- 773416023
024 1# - OTHER STANDARD IDENTIFIER
Standard number or code 786936812817
028 42 - PUBLISHER NUMBER
Publisher number 106711
Source Touchstone Home Entertainment
035 ## - SYSTEM CONTROL NUMBER
System control number (OCoLC)780717272
Canceled/invalid control number (OCoLC)773416023
037 ## - SOURCE OF ACQUISITION
Source of stock number/acquisition Midwest Tape
Note http://www.midwesttapes.com
041 1# - LANGUAGE CODE
Language code of text/sound track or separate title eng
-- fre
-- spa
-- fre
-- spa
Language code of original and/or intermediate translations of text eng
050 #4 - LIBRARY OF CONGRESS CALL NUMBER
Classification number PN1997.2
Item number .W37 2012
082 04 - DEWEY DECIMAL CLASSIFICATION NUMBER
Classification number 791.43/72
Edition number 23
049 ## - LOCAL HOLDINGS (OCLC)
Holding library UCLB
092 ## - LOCALLY ASSIGNED DEWEY CALL NUMBER (OCLC)
Classification number 791.437
245 00 - TITLE STATEMENT
Title War horse
Medium [videorecording] /
Statement of responsibility, etc Dreamworks Pictures and Reliance Entertainment present an Amblin Entertainment/Kennedy/Marshall Company production ; produced by Steven Spielberg ; screenplay by Lee Hall and Richard Curtis ; directed by Steven Spielberg.
260 ## - PUBLICATION, DISTRIBUTION, ETC. (IMPRINT)
Place of publication, distribution, etc [United States] :
Name of publisher, distributor, etc Touchstone Home Entertainment ;
Place of publication, distribution, etc Burbank, CA :
Name of publisher, distributor, etc distributed by Buena Vista Home Entertainment,
Date of publication, distribution, etc 2012.
300 ## - PHYSICAL DESCRIPTION
Extent 1 videodisc (146 min.) :
Other physical details sd., col. ;
Dimensions 4 3/4 in.
538 ## - SYSTEM DETAILS NOTE
System details note DVD, widescreen (2.40:1) presentation; Dolby Digital, NTSC.
546 ## - LANGUAGE NOTE
Language note English, French or Spanish dialogue; French or Spanish subtitles; subtitled for the deaf and hard of hearing.
500 ## - GENERAL NOTE
General note Title from container.
511 1# - PARTICIPANT OR PERFORMER NOTE
Participant or performer note Benedict Cumberbatch, David Thewlis, Emily Watson, Peter Mullan.
500 ## - GENERAL NOTE
General note Based on the novel by Michael Morpurgo.
500 ## - GENERAL NOTE
General note Originally released as a motion picture in 2011.
521 8# - TARGET AUDIENCE NOTE
Target audience note Rating: PG-13; for intense sequences of war violence ;
-- CHV rating: PG.
520 ## - SUMMARY, ETC.
Summary, etc Set against a sweeping canvas of rural England and Europe during the First World War, begins with the remarkable friendship between a horse named Joey and a young man called Albert, who tames and trains him. When they are forcefully parted, the film follows the extraordinary journey of the horse as he moves through the war, changing and inspiring the lives of all those he meets; British cavalry, German soldiers, and a French farmer and his granddaughter.
500 ## - GENERAL NOTE
General note Special features: War Horse: the look.
508 ## - CREATION/PRODUCTION CREDITS NOTE
Creation/production credits note Director, Steven Spielberg.
650 #0 - SUBJECT ADDED ENTRY--TOPICAL TERM
Topical term or geographic name as entry element Horses
Form subdivision Drama.
9 (RLIN) 5689230
650 #0 - SUBJECT ADDED ENTRY--TOPICAL TERM
Topical term or geographic name as entry element Horse trainers
Form subdivision Drama.
9 (RLIN) 6464085
650 #0 - SUBJECT ADDED ENTRY--TOPICAL TERM
Topical term or geographic name as entry element World War, 1914-1918
Form subdivision Drama.
9 (RLIN) 5675020
650 #7 - SUBJECT ADDED ENTRY--TOPICAL TERM
Topical term or geographic name as entry element Caballos
Form subdivision Teatro.
Source of heading or term bidex
9 (RLIN) 6504441
650 #7 - SUBJECT ADDED ENTRY--TOPICAL TERM
Topical term or geographic name as entry element Guerra Mundial I, 1914-1918
Form subdivision Teatro.
Source of heading or term bidex
9 (RLIN) 6514959
655 #7 - INDEX TERM--GENRE/FORM
Genre/form data or focus term Feature films.
Source of term lcgft
9 (RLIN) 6233822
655 #7 - INDEX TERM--GENRE/FORM
Genre/form data or focus term Video recordings for the hearing impaired.
Source of term lcgft
9 (RLIN) 6233823
700 1# - ADDED ENTRY--PERSONAL NAME
Personal name Spielberg, Steven,
Dates associated with a name 1946-
9 (RLIN) 10753
700 1# - ADDED ENTRY--PERSONAL NAME
Personal name Hall, Lee,
Dates associated with a name 1966-
9 (RLIN) 57086
700 1# - ADDED ENTRY--PERSONAL NAME
Personal name Curtis, Richard,
Dates associated with a name 1956-
9 (RLIN) 62362
700 1# - ADDED ENTRY--PERSONAL NAME
Personal name Cumberbatch, Benedict,
Dates associated with a name 1977-
9 (RLIN) 5870963
700 1# - ADDED ENTRY--PERSONAL NAME
Personal name Thewlis, David,
Dates associated with a name 1963-
9 (RLIN) 63319
700 1# - ADDED ENTRY--PERSONAL NAME
Personal name Watson, Emily,
Dates associated with a name 1967-
9 (RLIN) 76432
700 1# - ADDED ENTRY--PERSONAL NAME
Personal name Morpurgo, Michael.
Title of a work War horse.
9 (RLIN) 6233824
710 2# - ADDED ENTRY--CORPORATE NAME
Corporate name or jurisdiction name as entry element Dreamworks Pictures.
9 (RLIN) 64643
710 2# - ADDED ENTRY--CORPORATE NAME
Corporate name or jurisdiction name as entry element Reliance Entertainment.
9 (RLIN) 5815493
710 2# - ADDED ENTRY--CORPORATE NAME
Corporate name or jurisdiction name as entry element Amblin Entertainment (Firm)
9 (RLIN) 23913
710 2# - ADDED ENTRY--CORPORATE NAME
Corporate name or jurisdiction name as entry element Kennedy/Marshall Company.
9 (RLIN) 74867
710 2# - ADDED ENTRY--CORPORATE NAME
Corporate name or jurisdiction name as entry element Touchstone Home Entertainment (Firm)
9 (RLIN) 69333
710 2# - ADDED ENTRY--CORPORATE NAME
Corporate name or jurisdiction name as entry element Buena Vista Home Entertainment (Firm)
9 (RLIN) 64615
938 ## -
-- Brodart
-- BROD
-- 100223761
-- $29.99
942 ## - ADDED ENTRY ELEMENTS (KOHA)
Koha item type DVD
994 ## -
-- C0
-- UINTA
998 ## - LOCAL CONTROL INFORMATION (RLIN)
-- a150782
Holdings
Withdrawn status Lost status Source of classification or shelving scheme Materials specified (bound volume or other part) Damaged status Not for loan Collection code Home library Current library Shelving location Date acquired Source of acquisition Cost, normal purchase price Total Checkouts Total Renewals Full call number Barcode Date last seen Date checked out Cost, replacement price Price effective from Koha item type
    Dewey Decimal Classification .CIRCNOTE. OASIS Program     Movies Wasatch County Library Wasatch County Library Audio Visual Area 04/07/2012 Amazon 15.95 102 11 DVD War 34301001068107 01/14/2025 01/10/2025 15.95 03/20/2020 DVD
This project was made possible through a grant from the Institute of Museum and Library Service administered by the Utah State Library Division.

Wasatch County Library

  • 465 East 1200 South, Heber City, Utah 84032
  • Phone 435-654-1511 | Fax 435-654-6456

Hours

  • Monday - Friday 9:30 AM - 8:00 PM
  • Saturday 9:30 AM - 1:30 PM
  • Closed Sundays and Holidays